Every Song by the Killers - Statistics

General Stats
  • This quiz has been taken 136 times
    97 since last reset
  • The average score is 40 of 105
Answer Stats
Hint Answer % Correct
Hot Fuss(2004) Mr. Brightside
98%
Hot Fuss(2004) Jenny Was a Friend of Mine
88%
Hot Fuss(2004) Somebody Told Me
88%
Day & Age(2008) Human
83%
Sam's Town(2006) Sam's Town
83%
Hot Fuss(2004) Smile Like You Mean It
82%
Sam's Town(2006) When You Were Young
78%
Hot Fuss(2004) All These Things That I've Done
75%
Day & Age(2008) Spaceman
74%
Battle Born(2012) Battle Born
65%
Sam's Town(2006) Read My Mind
65%
Direct Hits(2013) A Dustland Fairytale
62%
Hot Fuss(2004) Andy, You're A Star
62%
Hot Fuss(2004) On Top
62%
Wonderful Wonderful(2017) The Man
62%
Sam's Town(2006) Bones
60%
Hot Fuss(2004)(Bonus) | Sawdust(2007) Glamorous Indie Rock & Roll
60%
Battle Born(2012) Runaways
60%
Imploding the Mirage(2020) Imploding the Mirage
58%
Hot Fuss(2004) Midnight Show
57%
Hot Fuss(2004) Believe Me Natalie
55%
Sam's Town(2006) Exitlude
54%
Wonderful Wonderful(2017) Wonderful Wonderful
54%
Sam's Town(2006) Enterlude
52%
Hot Fuss(2004) Everything Will Be Alright
52%
Sam's Town(2006) For Reasons Unknown
52%
Day & Age(2008) Neon Tiger
52%
Pressure Machine(2021) Pressure Machine
52%
Imploding the Mirage(2020) Caution
49%
Sam's Town(2006) This River Is Wild
48%
Sam's Town(2006) Uncle Jonny
48%
Battle Born(2012) Miss Atomic Bomb
46%
Sam's Town(2006) Bling
45%
Hot Fuss(2004) Change Your Mind
45%
Imploding the Mirage(2020) My Own Soul's Warning
43%
Battle Born(2012) Flesh and Bone
42%
Battle Born(2012) Here With Me
42%
Day & Age(2008) Joy Ride
42%
Wonderful Wonderful(2017) Run For Cover
42%
Direct Hits(2013) Shot at the Night
42%
Sam's Town(2006) Why Do I Keep Counting?
42%
Direct Hits(2013) Just Another Girl
40%
Sam's Town(2006) My List
40%
(RED)Christmas(2011) Don't Shoot Me Santa
38%
Day & Age(2008) Goodnight, Travel Well
37%
Day & Age(2008) Losing Touch
37%
Battle Born(2012) The Way It Was
37%
Sawdust(2007) Leave the Bourbon on the Shelf
35%
Wonderful Wonderful(2017) Rut
35%
Day & Age(2008) The World We Live In
35%
Wonderful Wonderful(2017) Tyson vs Douglas
35%
Battle Born(2012) Be Still
34%
Imploding the Mirage(2020) Dying Breed
34%
Battle Born(2012) Deadlines and Commitments
32%
Sawdust(2007) Shadowplay
32%
Imploding the Mirage(2020) Fire in Bone
31%
Pressure Machine(2021) Quiet Town
31%
Wonderful Wonderful(2017) The Calling
31%
Pressure Machine(2021) West Hills
31%
Battle Born(2012) A Matter of Time
29%
Pressure Machine(2021) Runaway Horses
29%
(RED)Christmas(2011) Boots
28%
Day & Age(2008) I Can't Stay
28%
Imploding the Mirage(2020) Lightning Fields
28%
Day & Age(2008) This Is Your Life
28%
Sawdust(2007) Under the Gun
28%
Sawdust(2007) Where the White Boys Dance
28%
Pressure Machine(2021) In the Car Outside
26%
Imploding the Mirage(2020) My God
26%
Pressure Machine(2021) The Getting By
26%
Imploding the Mirage(2020) Blowback
25%
Battle Born(2012) From Here On Out
25%
Battle Born(2012) Heart of a Girl
25%
Wonderful Wonderful(2017) Life to Come
25%
Battle Born(2012)(Deluxe Edition) Prize Fighter
25%
Imploding the Mirage(2020) Running Towards a Place
23%
Sawdust(2007) Sweet Talk
23%
Wonderful Wonderful(2017) Have All the Songs Been Written?
22%
Pressure Machine(2021) In Another Life
22%
Wonderful Wonderful(2017) Out of My Mind
22%
Pressure Machine(2021) Terrible Thing
22%
(RED)Christmas(2011) A Great Big Sled
20%
Sawdust(2007) All the Pretty Faces
20%
Pressure Machine(2021) Cody
20%
Sawdust(2007) Show You How
20%
Wonderful Wonderful(2017) Some Kind of Love
20%
Battle Born(2012) The Rising Tide
20%
Imploding the Mirage(Bonus)(2020) C'est La Vie
18%
Don't Waste Your Wishes(2016) Joel the Lump of Coal
18%
Battle Born(2012)(Deluxe Edition) Carry Me Home
17%
Pressure Machine(2021) Desperate Things
17%
Pressure Machine(2021) Sleepwalker
17%
(RED)Christmas(2011) Happy Birthday Guadalupe!
15%
Sawdust(2007) Move Away
15%
Sawdust(2007) Who Let You Go?
15%
Wonderful Wonderful(Bonus)(2017) Money on Straight
14%
Day & Age(2008)(Bonus) A Crippling Blow
12%
Don't Waste Your Wishes(2016) Christmas in L.A.
12%
Don't Waste Your Wishes(2016) Dirt Sledding
12%
Don't Waste Your Wishes(2016) I Feel It in My Bones
11%
(RED)Christmas(2011) Joseph, Better You Than Me
9%
Day & Age(2008) A Dustland Fairlytale
5%
Sawdust(2007) Tranqualize
2%
Imploding the Mirage(2020) When the Dreams Die
2%
No matching quizzes found
Score Distribution
Percent of People with Each Score
Percentile by Number Answered
Your Score History
You have not taken this quiz since the last reset